000
00269nam a22001097a 4500
008
230704b xxu||||| |||| 00| 0 eng d
082
_a
355.4
_b
MOY 1956
245
_a
The King's African Rifles
260
_b
Gale & Polden Ltd
_c
1956
300
_a
XIX,727p
942
_2
ddc
_c
BK
999
_c
3866
_d
3866